000 00412nam a2200181Ia 4500
003 0100
008 130303s9999 xx 000 0 und d
040 _cARRUPELIB
050 _aQC31.B4 1952
100 _aBennett, Clarence Edwin
245 _aPhysics
245 _ba digest of the first-year college course
260 _aNY
260 _bBarnes Noble
260 _C1952
300 _a208p
942 0 0 _04
999 _c55041
_d55041